<?xml version="1.0" encoding="UTF-8"?>
<record
    xmlns:xsi="http://www.w3.org/2001/XMLSchema-instance"
    xsi:schemaLocation="http://www.loc.gov/MARC21/slim http://www.loc.gov/standards/marcxml/schema/MARC21slim.xsd"
    xmlns="http://www.loc.gov/MARC21/slim">

  <leader>01971nam0a2200457   4500</leader>
  <controlfield tag="001">RU\NLR\BIBL_A\011828141</controlfield>
  <controlfield tag="005">20181029094803.0</controlfield>
  <datafield tag="010" ind1=" " ind2=" ">
    <subfield code="a">978-5-91671-297-1</subfield>
    <subfield code="b">&#x421;&#x435;&#x440;&#x438;&#x44F; "Alpina popular science"</subfield>
  </datafield>
  <datafield tag="010" ind1=" " ind2=" ">
    <subfield code="a">978-5-00139-012-1</subfield>
    <subfield code="9">5000</subfield>
  </datafield>
  <datafield tag="021" ind1=" " ind2=" ">
    <subfield code="a">RU</subfield>
    <subfield code="b">&#x41A;&#x41D;-&#x41F;-18-070324</subfield>
    <subfield code="9">&#x41A;&#x41D;-&#x41F;-18-5053</subfield>
  </datafield>
  <datafield tag="035" ind1=" " ind2=" ">
    <subfield code="a">(NLR Aleph) 011828141</subfield>
  </datafield>
  <datafield tag="035" ind1=" " ind2=" ">
    <subfield code="a">(RuMoRGB)009753783</subfield>
  </datafield>
  <datafield tag="090" ind1=" " ind2=" ">
    <subfield code="a">11996758</subfield>
    <subfield code="c">11996758</subfield>
  </datafield>
  <datafield tag="100" ind1=" " ind2=" ">
    <subfield code="a">20181019d2018    u  y0rusy50      ca</subfield>
  </datafield>
  <datafield tag="101" ind1="1" ind2=" ">
    <subfield code="a">rus</subfield>
    <subfield code="c">eng</subfield>
  </datafield>
  <datafield tag="102" ind1=" " ind2=" ">
    <subfield code="a">RU</subfield>
  </datafield>
  <datafield tag="105" ind1=" " ind2=" ">
    <subfield code="a">a|||z|||001zy</subfield>
  </datafield>
  <datafield tag="200" ind1="1" ind2=" ">
    <subfield code="a">&#x41F;&#x430;&#x440;&#x430;&#x437;&#x438;&#x442; - &#x446;&#x430;&#x440;&#x44C; &#x43F;&#x440;&#x438;&#x440;&#x43E;&#x434;&#x44B;</subfield>
    <subfield code="e">&#x442;&#x430;&#x439;&#x43D;&#x44B;&#x439; &#x43C;&#x438;&#x440; &#x441;&#x430;&#x43C;&#x44B;&#x445; &#x43E;&#x43F;&#x430;&#x441;&#x43D;&#x44B;&#x445; &#x441;&#x443;&#x449;&#x435;&#x441;&#x442;&#x432; &#x43D;&#x430; &#x417;&#x435;&#x43C;&#x43B;&#x435;</subfield>
    <subfield code="f">&#x41A;&#x430;&#x440;&#x43B; &#x426;&#x438;&#x43C;&#x43C;&#x435;&#x440;</subfield>
    <subfield code="g">&#x43F;&#x435;&#x440;&#x435;&#x432;&#x43E;&#x434; &#x441; &#x430;&#x43D;&#x433;&#x43B;&#x438;&#x439;&#x441;&#x43A;&#x43E;&#x433;&#x43E; [&#x41D;&#x430;&#x442;&#x430;&#x43B;&#x44C;&#x438; &#x41B;&#x438;&#x441;&#x43E;&#x432;&#x43E;&#x439;]</subfield>
  </datafield>
  <datafield tag="205" ind1=" " ind2=" ">
    <subfield code="a">5-&#x435; &#x438;&#x437;&#x434;.</subfield>
  </datafield>
  <datafield tag="210" ind1=" " ind2=" ">
    <subfield code="a">&#x41C;&#x43E;&#x441;&#x43A;&#x432;&#x430;</subfield>
    <subfield code="c">&#x410;&#x43B;&#x44C;&#x43F;&#x438;&#x43D;&#x430; &#x43D;&#x43E;&#x43D;-&#x444;&#x438;&#x43A;&#x448;&#x43D;</subfield>
    <subfield code="d">2018</subfield>
  </datafield>
  <datafield tag="215" ind1=" " ind2=" ">
    <subfield code="a">475 &#x441;.</subfield>
    <subfield code="c">&#x438;&#x43B;.</subfield>
    <subfield code="d">17</subfield>
  </datafield>
  <datafield tag="225" ind1="1" ind2=" ">
    <subfield code="a">&#x41A;&#x43D;&#x438;&#x436;&#x43D;&#x44B;&#x435; &#x43F;&#x440;&#x43E;&#x435;&#x43A;&#x442;&#x44B; &#x414;&#x43C;&#x438;&#x442;&#x440;&#x438;&#x44F; &#x417;&#x438;&#x43C;&#x438;&#x43D;&#x430;</subfield>
  </datafield>
  <datafield tag="225" ind1="1" ind2=" ">
    <subfield code="a">Alpina popular science</subfield>
  </datafield>
  <datafield tag="300" ind1=" " ind2=" ">
    <subfield code="a">&#x417;&#x430;&#x433;&#x43B;. &#x438; &#x430;&#x432;&#x442;. &#x442;&#x430;&#x43A;&#x436;&#x435; &#x43D;&#x430; &#x430;&#x43D;&#x433;&#x43B;. &#x44F;&#x437;.: Parasite rex / Carl Zimmer</subfield>
  </datafield>
  <datafield tag="300" ind1=" " ind2=" ">
    <subfield code="a">&#x41D;&#x430; 4-&#x439; &#x441;. &#x43E;&#x431;&#x43B;. &#x430;&#x432;&#x442;.: &#x43B;&#x430;&#x443;&#x440;&#x435;&#x430;&#x442; &#x43F;&#x440;&#x435;&#x43C;&#x438;&#x438; &#x42D;&#x432;&#x435;&#x440;&#x435;&#x442;&#x442;&#x430; &#x41A;&#x43B;&#x430;&#x440;&#x43A;&#x430; &#x41A;. &#x426;&#x438;&#x43C;&#x43C;&#x435;&#x440;</subfield>
  </datafield>
  <datafield tag="320" ind1=" " ind2=" ">
    <subfield code="a">&#x411;&#x438;&#x431;&#x43B;&#x438;&#x43E;&#x433;&#x440;.: &#x441;. 425-454</subfield>
  </datafield>
  <datafield tag="320" ind1=" " ind2=" ">
    <subfield code="a">&#x414;&#x440;. &#x440;&#x430;&#x431;&#x43E;&#x442;&#x44B; &#x430;&#x432;&#x442;. &#x43D;&#x430; 4-&#x439; &#x441;. &#x43E;&#x431;&#x43B;.</subfield>
  </datafield>
  <datafield tag="320" ind1=" " ind2=" ">
    <subfield code="a">&#x41F;&#x440;&#x435;&#x434;&#x43C;.-&#x438;&#x43C;&#x435;&#x43D;. &#x443;&#x43A;&#x430;&#x437;.: &#x441;. 457-475</subfield>
  </datafield>
  <datafield tag="333" ind1=" " ind2=" ">
    <subfield code="a">12+</subfield>
  </datafield>
  <datafield tag="517" ind1="1" ind2=" ">
    <subfield code="6">z22790</subfield>
    <subfield code="a">Parasite rex</subfield>
    <subfield code="z">eng</subfield>
  </datafield>
  <datafield tag="606" ind1="1" ind2=" ">
    <subfield code="a">&#x41F;&#x430;&#x440;&#x430;&#x437;&#x438;&#x442;&#x44B; &#x447;&#x435;&#x43B;&#x43E;&#x432;&#x435;&#x43A;&#x430;</subfield>
    <subfield code="j">&#x41F;&#x43E;&#x43F;&#x443;&#x43B;&#x44F;&#x440;&#x43D;&#x44B;&#x435; &#x438;&#x437;&#x434;&#x430;&#x43D;&#x438;&#x44F;</subfield>
    <subfield code="2">nlr_sh1</subfield>
    <subfield code="2">nlr_sh2</subfield>
    <subfield code="3">RU\NLR\AUTH\66236731</subfield>
  </datafield>
  <datafield tag="606" ind1="1" ind2=" ">
    <subfield code="a">&#x41F;&#x430;&#x440;&#x430;&#x437;&#x438;&#x442;&#x43E;&#x43B;&#x43E;&#x433;&#x438;&#x44F;</subfield>
    <subfield code="j">&#x41F;&#x43E;&#x43F;&#x443;&#x43B;&#x44F;&#x440;&#x43D;&#x44B;&#x435; &#x438;&#x437;&#x434;&#x430;&#x43D;&#x438;&#x44F;</subfield>
    <subfield code="2">nlr_sh1</subfield>
    <subfield code="2">nlr_sh2</subfield>
    <subfield code="3">RU\NLR\AUTH\66160958</subfield>
  </datafield>
  <datafield tag="686" ind1="1" ind2=" ">
    <subfield code="a">&#x420;267&#x44F;9</subfield>
  </datafield>
  <datafield tag="686" ind1="1" ind2=" ">
    <subfield code="a">&#x420;264.97&#x44F;9</subfield>
  </datafield>
  <datafield tag="700" ind1=" " ind2="1">
    <subfield code="a">&#x426;&#x438;&#x43C;&#x43C;&#x435;&#x440;</subfield>
    <subfield code="b">&#x41A;.</subfield>
    <subfield code="f">1966-</subfield>
    <subfield code="g">&#x41A;&#x430;&#x440;&#x43B;</subfield>
  </datafield>
  <datafield tag="790" ind1=" " ind2="1">
    <subfield code="6">z22517</subfield>
    <subfield code="a">Zimmer</subfield>
    <subfield code="b">C.</subfield>
    <subfield code="f">1966-</subfield>
    <subfield code="g">Carl</subfield>
  </datafield>
  <datafield tag="942" ind1=" " ind2=" ">
    <subfield code="c">BOOK</subfield>
  </datafield>
  <datafield tag="980" ind1=" " ind2=" ">
    <subfield code="a">NBR</subfield>
  </datafield>
  <datafield tag="980" ind1=" " ind2=" ">
    <subfield code="a">NB</subfield>
  </datafield>
</record>
